00542 2200205 4500001002100000005001500021035002000036245004500056100001800101250001100119300004000130260003300170082000800203084001400211020001900225600002600244600002600270504002000296990002000316INLIS00000000000528220250311083027 a0010-03250000071 aEmotional Intelligence /cDaniel Goleman0 aDaniel Golman aCet.34 a485 hlm, :bilus ;c14,5 x 22,5 cm. aJakarta; :bGramedia,c2024. a153 a153 DAN e a978602032313-8 aAlih bahasa,T.Hermaya aPerwajahan Isi,Sukoco aTentang Penulis a16123/P/BL/2025